01085 2200277 4500001002100000005001500021035002000036007000300056008004100059020001800100082000800118084001400126100002800140245010800168250001800276300002500294700002900319700003200348520027400380600001800654264004500672336002100717337003000738338002300768990001600791INLIS00000000000161420260612103107 a0010-0626000311ta260612 g 1 ind  a9786020321080 a823 a823 ROB w0 aRobert, NoraePengarang1 aWithout a trace : Permainan Takdir /cNora Robert ; editor, Bayu Anangga ; alih bahasa, Linda Boentaram aCetakan Kedua a344 halaman ;c18 cm0 aBayu AnanggaePenyunting0 aLinda BoentaramePenerjemah aBuku ini mengisahkan tentang Gillian Fitzpatrick yang putus asa dan ketakutan. Dalam keadaan tersebut, ia nekat mencari Trace O'Hurley, seorang pria asing yang dikenal memiliki reputasi tidak pernah gagal dalam melacak orang hilang dan memecahkan kasus-kasus misterius. 4aFiksi Inggris aJakarta :bGramedia Pustaka Utama,c2019 2rdacontentaTeks 2rdamediaaTanpa perantara 2rdacarrieraVolume aPP003188/20